000 00317nam a22001457a 4500
003 OSt
005 20160727222358.0
008 160622b xxu||||| |||| 00| 0 eng d
040 _cTEST
100 _9613
_aMiller, C
245 _aThe Song
260 _aIll
_bInter Varcity
_c1977
300 _aThe Song
942 _2ddc
_cBK
999 _c499
_d499